000 00733nam a22001935i 4500
001 53728
003 ES-MaACL
005 20230906162824.0
007 t|
008 960704s1877 sp ||||1| spa d
080 _a351.86
100 1 _aFernández y García, Antonio Ramón.
_950181
245 1 3 _aEl derecho de defensa :
_bmemoria leída en... la Academia Matritense de Jurisprudencia y Legislación el día 11 de diciembre de 1876 /
_cpor Antonio Ramón Fernández y García.
260 _aMadrid :
_b[s.n.],
_c1877 (
_fImp. de Antonio Perez Dubrull)
300 _a49 p. ;
_c26 cm.
650 4 _aDefensa nacional.
_911546
710 2 _aAcademia Matritense de Jurisprudencia y Legislación.
_91204
852 4 _aES-MaACL
_jT-243-F-3
999 _c53728
_d53728